Bimbo duerme /

Bibliographic Details
Main Author: Crovara, Francesca
Format: Book
Language:Spanish
Published: [Madrid] : [Edaf], [1997]
Series:Colección Libro nido.
Subjects:

MARC

Tag First Indicator Second Indicator Subfields
LEADER 00000cam a2200000Ia 4500
001 in00001702001
005 20151024173657.0
008 970915s1997 sp a j 000 1 spa d
020 |a 8441401500 
035 |a (OCoLC)ocm37624037 
040 |a CS1  |c CS1  |d TXA  |d UtOrBLW 
041 1 |a spa  |h ita 
049 |a TXAM 
090 |a PZ73  |b .C754 1997 
092 |a E  |b Crovara 
100 1 |a Crovara, Francesca. 
245 1 0 |a Bimbo duerme /  |c [ilustraciones de Francesca Crovara]. 
264 1 |a [Madrid] :  |b [Edaf],  |c [1997] 
264 4 |c [©1997] 
300 |a 30 unnumbered pages :  |b color illustrations ;  |c 15 cm. 
336 |a text  |b txt  |2 rdacontent 
337 |a unmediated  |b n  |2 rdamedia 
338 |a volume  |b nc  |2 rdacarrier 
490 1 |a Colección Libro nido 
500 |a Translated from the Italian. 
500 |a Cover title. 
500 |a On board pages. 
650 0 |a Picture books for children. 
830 0 |a Colección Libro nido. 
948 |a cataloged  |b h  |c 2002/11/19  |d c  |e jgreene  |f 3:03:28 pm 
994 |a E0  |b TXA 
999 |a MARS 
999 f f |s 0d9a4d9f-4c40-3d35-963b-cf2595537621  |i 83246b57-bef3-337e-bebe-1f31641e222e  |t 0 
952 f f |p ric  |a Texas A&M University  |b Rellis Campus  |c Joint Library Facility  |d Remote Storage  |t 0  |e PZ73 .C754 1997  |h Library of Congress classification  |i unmediated -- volume  |m A14829545228 
998 f f |a PZ73 .C754 1997  |t 0  |l Remote Storage